| 000 | 00745nam a22002657a 4500 | ||
|---|---|---|---|
| 001 | 2288 | ||
| 005 | 20240604152903.0 | ||
| 020 | _a9780545215855 | ||
| 040 |
_aFISKH _beng _cFISKH _dFISKH |
||
| 050 | _aPZ7.B7633 | ||
| 082 | _a813.54 | ||
| 100 | _aBridwell, Norman | ||
| 245 |
_aClifford's family / _cNorman Birdwell |
||
| 250 | _aThis edition first printing, August 2013 | ||
| 260 |
_aNew York : _bScholastic, _c1984 |
||
| 300 |
_a29 unnumbered pages : _billustrations ; _c20 x 20 cm |
||
| 505 | _aG | ||
| 520 | _aClifford and Emily Elizabeth go to the city to visit Clifford's family. | ||
| 521 |
_a450
_bLexile |
||
| 521 |
_aG
_bRaz-Plus |
||
| 650 | _aDog | ||
| 650 | _aGiant red dog | ||
| 650 | _aPet | ||
| 942 |
_2ddc _cBK _n0 |
||
| 999 |
_c2288 _d2288 |
||